| 000 | 00744 a2200193 4500 | ||
|---|---|---|---|
| 999 |
_c2468 _d2468 |
||
| 020 | _a9781292086118 | ||
| 050 | 0 | 0 | _aHF5437 LYS 2016 |
| 100 | 1 |
_aLysons, Kenneth, _eauthor. |
|
| 245 | 1 | 0 |
_aProcurement and supply chain management / _cKenneth Lysons, MA, MEd, PhD, Dipl.PA, Ac.Dip.Ed., DMS, FCIS, FCIPS, FInst M, MILT, Brian Farrington, BSc(Econ), MSc, PhD, FCIPS. |
| 250 | _a9th ed. | ||
| 264 | 1 |
_aBoston : _bPearson, _c2016. |
|
| 300 |
_axx, 671 pages ; _bill. |
||
| 500 | _aIncludes indexes. | ||
| 650 | 0 | _aPurchasing. | |
| 650 | 0 | _aBusiness logistics. | |
| 700 | 1 |
_aFarrington, Brian, _eauthor. |
|
| 942 |
_2lcc _cBK _e9th ed. _h5437 _iLYS _kHF |
||